000
00336nam a2200145Ia 4500
008
221030s9999 xx 000 0 und d
041
_a
English
082
_a
105.23
100
_a
V. Ramachandran
245
0
_a
Transmission Lines
_c
by V. Ramachandran, K. Shankar
260
_c
0
650
_a
B
700
_a
K. Shankar
942
_c
BK
999
_c
11444
_d
11444